[Event "Sparkassen-Open A"]
[Site "Heusenstamm, Martinsee"]
[Date "2025.11.23"]
[Round "7.62"]
[White "Kulenovic, Adnan"]
[Black "Stumpf, Daniel"]
[Result "0-1"]
[WhiteElo "1854"]
[BlackElo "1960"]
[PlyCount "56"]
[EventDate "2025.11.20"]
[WhiteTeam "Spielgemeinschaft Kinzigtal"]
[BlackTeam "SC Schwarz-Weiß Lichtenrade e.V."]

1. h4 c5 2. Nf3 Nc6 3. e4 Nf6 4. Nc3 d5 5. exd5 Nxd5 6. Bc4 Nxc3 7. bxc3 a6 8. a4 Rb8 9. Qe2 h6 10. Ba3 Qc7 11. Bxc5 Na5 12. Bxf7+ Kxf7 13. Ne5+ Kg8 14. Ba3 Nc6 15. Ng6 Bf5 16. Nxh8 Kxh8 17. O-O-O Bxc2 18. Rde1 Bxa4 19. Qe4 Bb3 20. Rh3 Qa5 21. Bb2 Bd5 22. Qg6 e5 23. g4 Ba3 24. Bxa3 Qxa3+ 25. Kd1 Nd4 26. cxd4 Qxh3 27. Qd6 Qf3+ 28. Re2 Qb3+ 0-1

[Event "Sparkassen-Open A"]
[Site "Heusenstamm, Martinsee"]
[Date "2025.11.23"]
[Round "7.63"]
[White "Kürschner, Matthias"]
[Black "Nguyen, Minh An"]
[Result "1/2-1/2"]
[WhiteElo "1939"]
[BlackElo "1768"]
[PlyCount "42"]
[EventDate "2025.11.20"]
[WhiteTeam "SK Langen"]
[BlackTeam "SV 1920 Hofheim"]

1. e4 d6 2. d4 Nf6 3. Nc3 g6 4. e5 Nfd7 5. exd6 cxd6 6. Nf3 Bg7 7. Be2 O-O 8. Be3 e5 9. O-O Nc6 10. dxe5 dxe5 11. Nb5 Nf6 12. Bc5 Re8 13. Qxd8 Rxd8 14. Rfd1 Bg4 15. h3 Bxf3 16. Bxf3 e4 17. Be2 Bf8 18. Be3 Nd5 19. Rxd5 Rxd5 20. Nc7 Rad8 21. Nxd5 Rxd5 1/2-1/2

[Event "Sparkassen-Open A"]
[Site "Heusenstamm, Martinsee"]
[Date "2025.11.23"]
[Round "7.64"]
[White "Graschdankin, Roman"]
[Black "Shanawaz Thabrez, Shahzaib"]
[Result "1/2-1/2"]
[WhiteElo "1801"]
[BlackElo "1945"]
[PlyCount "78"]
[EventDate "2025.11.20"]
[WhiteTeam "SK Bad Homburg 1927"]
[BlackTeam "SK Langen"]

1. e4 e5 2. Nf3 Nc6 3. Bb5 a6 4. Ba4 Nf6 5. d4 Nxd4 6. Nxd4 exd4 7. e5 Nd5 8. Qxd4 Nb6 9. Bb3 Be7 10. Qg4 g6 11. Qf3 O-O 12. Bh6 d5 13. exd6 Bxd6 14. O-O Qh4 15. g3 Qxh6 16. Nc3 Qh5 17. Qxh5 gxh5 18. Ne4 Kg7 19. Rad1 Be7 20. c3 Bf5 21. Rfe1 Bxe4 22. Rxe4 Bf6 23. Rd3 Rad8 24. Rf3 Rd6 25. Ref4 Nd7 26. Rf5 Ne5 27. Re3 Ng6 28. Rxh5 Rfd8 29. Rf5 Ne7 30. Rxe7 Bxe7 31. Rxf7+ Kg6 32. Rxe7 Rd2 33. Rxc7 R8d7 34. Rxd7 Rxd7 35. Bc2+ Kg7 36. c4 Rd2 37. Bb3 Rxb2 38. Kg2 b6 39. Kf3 Kf6 1/2-1/2

[Event "Sparkassen-Open A"]
[Site "Heusenstamm, Martinsee"]
[Date "2025.11.23"]
[Round "7.65"]
[White "Gernert, Tomas"]
[Black "Sasikumar Anitha, Sarvesh"]
[Result "0-1"]
[WhiteElo "1810"]
[BlackElo "1924"]
[PlyCount "36"]
[EventDate "2025.11.20"]
[WhiteTeam "KS Ricany 1925"]
[BlackTeam "SK 1858 Gießen"]

1. d4 Nf6 2. Bf4 g6 3. Nc3 d5 4. Nf3 Bg7 5. Qd2 c6 6. Bh6 O-O 7. h4 Ng4 8. Bxg7 Kxg7 9. h5 Nd7 10. Ne5 Ndxe5 11. f3 Nc4 12. Qf4 Qd6 13. Qxd6 exd6 14. fxg4 Bxg4 15. h6+ Kg8 16. O-O-O Rfe8 17. Rd3 Ne3 18. Nd1 Nxf1 0-1

[Event "Sparkassen-Open A"]
[Site "Heusenstamm, Martinsee"]
[Date "2025.11.23"]
[Round "7.66"]
[White "Kessler, Georg"]
[Black "Junker, Christian"]
[Result "1/2-1/2"]
[WhiteElo "1876"]
[BlackElo "2008"]
[PlyCount "85"]
[EventDate "2025.11.20"]
[WhiteTeam "SC Sulzbach-Rosenberg"]
[BlackTeam "SV 1926 Neu-Isenburg"]

1. Nf3 Nf6 2. c4 d6 3. d4 g6 4. Nc3 Nbd7 5. e4 e5 6. Be2 Bg7 7. O-O O-O 8. Bg5 h6 9. Be3 Ng4 10. Bc1 Ngf6 11. Be3 c6 12. a3 Re8 13. d5 cxd5 14. cxd5 a6 15. Ne1 b5 16. Nd3 Nb6 17. Nb4 Bb7 18. f3 Nc4 19. Bxc4 bxc4 20. Rc1 a5 21. Nba2 Ba6 22. Rf2 Rb8 23. Nb1 Rb3 24. Rc3 Qb8 25. Rxb3 cxb3 26. Nc1 a4 27. Nc3 Bb5 28. Nxb5 Qxb5 29. Qd3 Qb7 30. Ne2 Rc8 31. Nc3 Ra8 32. Rf1 Ra5 33. Rc1 Nd7 34. Ne2 Ra6 35. Qc4 Bf8 36. Qc7 Qb5 37. Qc4 Qb7 38. Kf2 Nc5 39. Bxc5 dxc5 40. Nc3 Qa8 41. Nb5 Ra5 42. Nc3 Bd6 43. Nb5 1/2-1/2

[Event "Sparkassen-Open A"]
[Site "Heusenstamm, Martinsee"]
[Date "2025.11.23"]
[Round "7.67"]
[White "Stein, Tobias"]
[Black "Hasenpflug, Till"]
[Result "1-0"]
[WhiteElo "1993"]
[BlackElo "1868"]
[PlyCount "81"]
[EventDate "2025.11.20"]
[WhiteTeam "SV Alsfeld"]
[BlackTeam "SK Bad Homburg 1927"]

1. e4 c5 2. c3 d5 3. exd5 Qxd5 4. d4 Nc6 5. Nf3 Bg4 6. Be2 e6 7. h3 Bh5 8. O-O Nf6 9. Be3 cxd4 10. cxd4 Be7 11. Nc3 Qa5 12. Qb3 Qb4 13. g4 Bg6 14. Ne5 Qxb3 15. axb3 Nb4 16. Bb5+ Kf8 17. Rfc1 Nfd5 18. Nxd5 Nxd5 19. Rxa7 Rd8 20. Rxb7 h5 21. Nxg6+ fxg6 22. Bc4 Nxe3 23. fxe3 Bg5 24. Rf1+ Kg8 25. Bxe6+ Kh7 26. Rf3 Rhe8 27. d5 Ra8 28. e4 Ra1+ 29. Kg2 Re1 30. Rff7 Kh6 31. Rxg7 Bf6 32. Rgf7 Bh4 33. Rh7+ Kg5 34. gxh5 Kf4 35. Rhf7+ Ke3 36. Rf3+ Kd2 37. hxg6 Re2+ 38. Kg1 Re1+ 39. Rf1 Rxf1+ 40. Kxf1 Rf8+ 41. Rf7 1-0

[Event "Sparkassen-Open A"]
[Site "Heusenstamm, Martinsee"]
[Date "2025.11.23"]
[Round "7.68"]
[White "Pauls, Wilhelm"]
[Black "Praszczalek, Jakub"]
[Result "1/2-1/2"]
[WhiteElo "1984"]
[BlackElo "1738"]
[PlyCount "36"]
[EventDate "2025.11.20"]
[WhiteTeam "SPORTGEM Kaarst 1912/35"]
[BlackTeam "SK Köln-Südwest"]

1. e4 e6 2. d4 d5 3. Nc3 dxe4 4. Nxe4 Nd7 5. Nf3 Ngf6 6. Nxf6+ Nxf6 7. Bd3 Be7 8. O-O O-O 9. b3 b6 10. Bb2 Bb7 11. Ne5 c5 12. dxc5 Bxc5 13. Qe2 Qd5 14. Nf3 Qh5 15. Nd2 Qd5 16. Nf3 Qh5 17. Nd2 Qd5 18. Nf3 Qh5 1/2-1/2

[Event "Sparkassen-Open A"]
[Site "Heusenstamm, Martinsee"]
[Date "2025.11.23"]
[Round "7.69"]
[White "Richter, Johanna"]
[Black "Weiss, Matthias"]
[Result "1/2-1/2"]
[WhiteElo "1868"]
[BlackElo "1980"]
[PlyCount "61"]
[EventDate "2025.11.20"]
[WhiteTeam "Sfr.Heidesheim"]
[BlackTeam "SF Schöneck"]

1. d4 Nf6 2. c4 c5 3. d5 b5 4. cxb5 a6 5. Nc3 d6 6. e4 g6 7. Nf3 Bg7 8. Bd3 O-O 9. O-O axb5 10. Bxb5 Ba6 11. Qe2 Bxb5 12. Nxb5 Na6 13. a4 Nc7 14. Bd2 Nxb5 15. axb5 Nd7 16. Bc3 Nb6 17. Bxg7 Kxg7 18. b3 e6 19. Qd3 exd5 20. exd5 Qf6 21. Ra6 Rxa6 22. bxa6 Ra8 23. Rd1 Qb2 24. Nd2 Qd4 25. Qxd4+ cxd4 26. Nc4 Rxa6 27. h3 Nxc4 28. bxc4 Kf6 29. f4 Ra2 30. Rxd4 Rc2 31. Kh2 1/2-1/2

[Event "Sparkassen-Open A"]
[Site "Heusenstamm, Martinsee"]
[Date "2025.11.23"]
[Round "7.70"]
[White "Schelhorn, Paul"]
[Black "Bogucanin, Mirsad"]
[Result "0-1"]
[WhiteElo "1871"]
[BlackElo "1966"]
[PlyCount "50"]
[EventDate "2025.11.20"]
[WhiteTeam "SF 1974 Heinsberg e."]
[BlackTeam "VSG 1880 Offenbach"]

1. d4 Nf6 2. c4 e6 3. g3 d5 4. Bg2 Bb4+ 5. Nd2 Be7 6. Ngf3 O-O 7. O-O Nbd7 8. Qc2 a6 9. e4 dxc4 10. Nxc4 c5 11. a4 b6 12. Be3 Bb7 13. Rfd1 Bxe4 14. Qb3 Nd5 15. Ncd2 Nxe3 16. fxe3 Bd5 17. Qd3 cxd4 18. e4 Bb7 19. Nxd4 Ne5 20. Qe3 Ng4 21. Qd3 e5 22. h3 Nf6 23. Nc4 exd4 24. e5 Nd5 25. Kh2 Nb4 0-1

[Event "Sparkassen-Open A"]
[Site "Heusenstamm, Martinsee"]
[Date "2025.11.23"]
[Round "7.71"]
[White "Janknecht, Eckart"]
[Black "Stuhlmann, Florian"]
[Result "1/2-1/2"]
[WhiteElo "1823"]
[BlackElo "1933"]
[PlyCount "37"]
[EventDate "2025.11.20"]
[WhiteTeam "Kölner SK Dr. Lasker 186"]
[BlackTeam "SC Königsflügel Lindenholzhausen"]

1. e4 c5 2. Na3 Nc6 3. Bb5 g6 4. Nf3 Bg7 5. c3 Nf6 6. d3 O-O 7. O-O Qc7 8. Be3 b6 9. h3 Bb7 10. Qd2 Rad8 11. Bh6 Ne5 12. Nxe5 Qxe5 13. Bf4 Qh5 14. Ba4 h6 15. Bd1 Qh4 16. Bg3 Qg5 17. Bf4 Qh4 18. Bg3 Qg5 19. Bf4 1/2-1/2

[Event "Sparkassen-Open A"]
[Site "Heusenstamm, Martinsee"]
[Date "2025.11.23"]
[Round "7.72"]
[White "Dubinker, Philipp"]
[Black "Meyer-Jany, Marcel"]
[Result "1-0"]
[WhiteElo "1911"]
[BlackElo "1826"]
[PlyCount "35"]
[EventDate "2025.11.20"]
[WhiteTeam "SK Marburg 1931/72"]
[BlackTeam "SC Mattmeister Karben 1998 e.V."]

1. Nf3 d5 2. d4 Nf6 3. c4 c6 4. Qc2 e6 5. g3 Bb4+ 6. Bd2 Qa5 7. a3 Bxd2+ 8. Nbxd2 dxc4 9. Bg2 Nbd7 10. O-O O-O 11. Nxc4 Qc7 12. Rac1 Re8 13. e4 Nb6 14. e5 Nfd7 15. Nd6 Rd8 16. Ng5 Nf8 17. Ngxf7 Rd7 18. Ng5 1-0

[Event "Sparkassen-Open A"]
[Site "Heusenstamm, Martinsee"]
[Date "2025.11.23"]
[Round "7.73"]
[White "Spelleken, Mark"]
[Black "Faulhaber, Tobias"]
[Result "1/2-1/2"]
[WhiteElo "1745"]
[BlackElo "1906"]
[PlyCount "29"]
[EventDate "2025.11.20"]
[WhiteTeam "SC Somborn 1933"]
[BlackTeam "SC Schifferstadt"]

1. d4 d5 2. c4 e6 3. Nc3 Be7 4. Nf3 Nf6 5. Bg5 O-O 6. e3 b6 7. Rc1 Ba6 8. Ne5 dxc4 9. Qf3 c6 10. Nxc6 Nxc6 11. Qxc6 Rc8 12. Qa4 Bb7 13. f3 Bc6 14. Qa6 Nd5 15. Bxe7 1/2-1/2

[Event "Sparkassen-Open A"]
[Site "Heusenstamm, Martinsee"]
[Date "2025.11.23"]
[Round "7.74"]
[White "Werner, Tom"]
[Black "Wang, Simon"]
[Result "1/2-1/2"]
[WhiteElo "1895"]
[BlackElo "1824"]
[PlyCount "157"]
[EventDate "2025.11.20"]
[WhiteTeam "VSG 1880 Offenbach"]
[BlackTeam "SF Dachau 1932 e.V."]

1. Nf3 d5 2. Rg1 c5 3. g4 Nc6 4. c4 e6 5. Nc3 Nge7 6. d3 g6 7. h4 dxc4 8. dxc4 Qxd1+ 9. Kxd1 Bg7 10. Be3 b6 11. a3 O-O 12. Kc2 Bb7 13. Bg2 Rfd8 14. h5 Rd7 15. hxg6 hxg6 16. g5 Nf5 17. Rad1 Nxe3+ 18. fxe3 Rad8 19. Rxd7 Rxd7 20. Nd2 Kf8 21. Nde4 Ke7 22. Nd1 a6 23. Ndf2 Ne5 24. b3 Bxe4+ 25. Bxe4 Rd6 26. Rh1 Kf8 27. Bd3 Nc6 28. Ne4 Rd8 29. Nf6 Bxf6 30. gxf6 Kg8 31. Be4 Ne5 32. Rg1 Rd6 33. Bb7 a5 34. Rg5 Nd7 35. e4 Nxf6 36. e5 Rd7 37. Bc8 Nh7 38. Rxg6+ fxg6 39. Bxd7 Kf7 40. Kc3 Ke7 41. Bc8 Ng5 42. Kd3 Nf7 43. Ke4 Nd8 44. Kf4 Nc6 45. e3 Nd8 46. Kg5 Nf7+ 47. Kf4 Nh6 48. Bb7 Nf5 49. Be4 Kf7 50. Kg5 Nxe3 51. Bxg6+ Ke7 52. Be4 Nf1 53. Kf4 Nd2 54. Bc2 a4 55. Ke3 Nxb3 56. Bxb3 axb3 57. Kd3 Kf7 58. Kc3 Kg6 59. Kxb3 Kf5 60. Ka4 Kxe5 61. Kb5 Kd4 62. Kxb6 e5 63. a4 e4 64. a5 e3 65. a6 e2 66. a7 e1=Q 67. a8=Q Qb1+ 68. Kc7 Qh7+ 69. Kd6 Qg6+ 70. Kd7 Qf5+ 71. Kd6 Qf4+ 72. Kd7 Qg4+ 73. Kd6 Qg3+ 74. Kd7 Qg7+ 75. Kd6 Qf6+ 76. Kd7 Qf7+ 77. Kd6 Qxc4 78. Qa1+ Kd3 79. Qa3+ 1/2-1/2

[Event "Sparkassen-Open A"]
[Site "Heusenstamm, Martinsee"]
[Date "2025.11.23"]
[Round "7.75"]
[White "Arkhipenko, Denis"]
[Black "Fröhlich-Dill, Astrid"]
[Result "1-0"]
[WhiteElo "1804"]
[BlackElo "1815"]
[PlyCount "59"]
[EventDate "2025.11.20"]
[WhiteTeam "SC Heusenstamm"]
[BlackTeam "SV 1920 Hofheim"]

1. d4 Nf6 2. Bf4 e6 3. e3 d5 4. Nd2 c5 5. c3 Nc6 6. Ngf3 cxd4 7. exd4 Be7 8. Bd3 Bd7 9. Ne5 Rc8 10. Qf3 a6 11. g4 h6 12. h4 Nxe5 13. Bxe5 Bc6 14. g5 hxg5 15. hxg5 Rxh1+ 16. Qxh1 Ne4 17. Nxe4 dxe4 18. Bxe4 Bxe4 19. Qxe4 Qb6 20. O-O-O Bxg5+ 21. f4 f5 22. Qg2 Bh6 23. Bxg7 Bxf4+ 24. Kc2 Rc7 25. Be5 Bxe5 26. dxe5 Qc6 27. Qg8+ Ke7 28. Qg7+ Ke8 29. Qh8+ Ke7 30. Qf6+ 1-0

[Event "Sparkassen-Open A"]
[Site "Heusenstamm, Martinsee"]
[Date "2025.11.23"]
[Round "7.76"]
[White "Chaganti, Prahasith Reddy"]
[Black "Kirchmann, Sascha"]
[Result "0-1"]
[WhiteElo "1820"]
[BlackElo "1890"]
[PlyCount "110"]
[EventDate "2025.11.20"]
[WhiteTeam "Mönchengladbacher SV 1"]
[BlackTeam "SAbt SU Mühlheim"]

1. e4 d5 2. exd5 Qxd5 3. Nc3 Qa5 4. d4 Nf6 5. Bd2 c6 6. Nf3 Bf5 7. Be2 e6 8. O-O Qc7 9. a3 Bd6 10. b4 a6 11. Na4 Nbd7 12. c4 O-O 13. Nb2 Rad8 14. c5 Be7 15. a4 Ne4 16. Be1 Ndf6 17. a5 Nd5 18. Qb3 Nf4 19. Bc4 Bf6 20. Rd1 Rd7 21. Na4 Nd5 22. Bxd5 exd5 23. Nb6 Re7 24. Bc3 Bg4 25. Bb2 Ng5 26. Rfe1 Rfe8 27. Rxe7 Rxe7 28. Nxd5 cxd5 29. Qxd5 Be6 30. Qd6 Nxf3+ 31. gxf3 Qxd6 32. cxd6 Rd7 33. b5 Rxd6 34. bxa6 bxa6 35. Ba3 Rxd4 36. Rb1 h5 37. Rb8+ Kh7 38. Kg2 h4 39. h3 Rd3 40. Bc5 Bd5 41. Be3 Bd4 42. Re8 Bxe3 43. Rxe3 Rxe3 44. fxe3 g5 45. e4 Be6 46. Kh2 Kg6 47. Kg2 Kf6 48. Kh2 Ke5 49. Kg2 Kf4 50. Kf2 Bxh3 51. Ke2 Bd7 52. Kf2 h3 53. e5 Kxe5 54. Kg3 Kd5 55. Kh2 Kc5 0-1

[Event "Sparkassen-Open A"]
[Site "Heusenstamm, Martinsee"]
[Date "2025.11.23"]
[Round "7.77"]
[White "Röß, Jonas"]
[Black "Mellinghoff, Arthur"]
[Result "1-0"]
[WhiteElo "1882"]
[BlackElo "1763"]
[PlyCount "107"]
[EventDate "2025.11.20"]
[WhiteTeam "SV Würzburg von 1865 e.V."]
[BlackTeam "Aachen"]

1. e4 c5 2. Nf3 e6 3. d4 cxd4 4. Nxd4 a6 5. Bd3 Qc7 6. O-O Nf6 7. Be3 b5 8. a4 bxa4 9. Nc3 Bb4 10. Rxa4 Bxc3 11. bxc3 Bb7 12. Qb1 Bxe4 13. Bxe4 Nxe4 14. Nb5 Qc6 15. Rxe4 axb5 16. Rb4 O-O 17. Rxb5 Qxc3 18. Rc5 Qf6 19. Qb7 Na6 20. Ra5 Rfb8 21. Rxa6 Qd8 22. Rxa8 Rxa8 23. Rb1 h6 24. h3 Ra2 25. Qb8 Qxb8 26. Rxb8+ Kh7 27. c4 Rc2 28. c5 f5 29. Rc8 e5 30. g3 g5 31. f4 Re2 32. Bf2 e4 33. Kf1 Rc2 34. Rd8 Rc3 35. Rxd7+ Kg6 36. Rd6+ Kh7 37. Ke2 Rc2+ 38. Ke1 gxf4 39. gxf4 Rc3 40. Kd2 Ra3 41. c6 Ra2+ 42. Ke1 Rc2 43. Rd7+ Kg6 44. c7 Rc6 45. Bb6 Kh5 46. Rd8 Kh4 47. c8=Q Rxc8 48. Rxc8 Kxh3 49. Rh8 Kg4 50. Be3 h5 51. Kf2 Kh4 52. Kg2 Kg4 53. Rg8+ Kh4 54. Bf2# 1-0

[Event "Sparkassen-Open A"]
[Site "Heusenstamm, Martinsee"]
[Date "2025.11.23"]
[Round "7.78"]
[White "Klebs, Sebastian"]
[Black "Werner, Rosalie"]
[Result "1/2-1/2"]
[WhiteElo "1845"]
[BlackElo "1940"]
[PlyCount "47"]
[EventDate "2025.11.20"]
[WhiteTeam "Karlsruher SF 1853"]
[BlackTeam "VSG 1880 Offenbach"]

1. e4 e6 2. d4 d5 3. e5 c5 4. c3 Nc6 5. Nf3 Qb6 6. Bd3 cxd4 7. cxd4 Bd7 8. Be2 Rc8 9. O-O Nge7 10. Nc3 Nf5 11. Na4 Qa5 12. Nc3 Be7 13. g4 Nh4 14. Nxh4 Bxh4 15. Be3 Be7 16. a3 Qd8 17. b4 Nxb4 18. axb4 Rxc3 19. Rxa7 Qb6 20. Ra8+ Rc8 21. Rxc8+ Bxc8 22. b5 O-O 23. Qb3 Bd7 24. Rc1 1/2-1/2

[Event "Sparkassen-Open A"]
[Site "Heusenstamm, Martinsee"]
[Date "2025.11.23"]
[Round "7.79"]
[White "Alt, Johannes"]
[Black "Hessler Carbonell, Louis"]
[Result "1-0"]
[WhiteElo "1836"]
[BlackElo "1936"]
[PlyCount "79"]
[EventDate "2025.11.20"]
[WhiteTeam "Sfr.Heidesheim"]
[BlackTeam "SK Marburg 1931/72"]

1. d4 Nf6 2. Nf3 e6 3. Bf4 c5 4. e3 Qb6 5. Qc1 Nc6 6. c3 d5 7. Nbd2 Nh5 8. Be5 f6 9. dxc5 Bxc5 10. Bd4 e5 11. Bxc5 Qxc5 12. Nb3 Qd6 13. Be2 g6 14. O-O Ng7 15. Rd1 Qe7 16. Rxd5 Be6 17. Rd2 a5 18. Qc2 a4 19. Nc1 O-O 20. Bb5 a3 21. b3 Qc5 22. Bxc6 Qxc6 23. Ne2 Bg4 24. Ne1 Bf5 25. Qc1 Rfc8 26. c4 b5 27. cxb5 Qxb5 28. Qd1 Ne8 29. Ng3 Be6 30. Rc1 Nc7 31. Rxc7 Rxc7 32. Rd8+ Rxd8 33. Qxd8+ Kg7 34. Qxc7+ Bf7 35. Qc3 Qd5 36. Nc2 Qd1+ 37. Nf1 Qc1 38. Qd2 Qb2 39. Nb4 Bxb3 40. axb3 1-0

[Event "Sparkassen-Open A"]
[Site "Heusenstamm, Martinsee"]
[Date "2025.11.23"]
[Round "7.80"]
[White "Lotz, Ralf"]
[Black "Ziska, Stephan"]
[Result "0-1"]
[WhiteElo "1889"]
[BlackElo "1848"]
[PlyCount "48"]
[EventDate "2025.11.20"]
[WhiteTeam "SC 1952 Obertshausen"]
[BlackTeam "Schachforum Darmstadt 1994"]

1. d4 Nf6 2. Nf3 e6 3. g3 c5 4. Bg2 d5 5. c3 Nc6 6. O-O b6 7. b3 Bb7 8. Bb2 Rc8 9. Nbd2 Be7 10. e3 O-O 11. a3 Ne4 12. Rc1 Ba6 13. Re1 cxd4 14. cxd4 Nxd2 15. Qxd2 Na5 16. Qd1 Rxc1 17. Bxc1 Qc7 18. Bb2 Rc8 19. Ne5 Qc2 20. b4 Qxb2 21. bxa5 Bxa3 22. axb6 axb6 23. Qa4 Qb4 24. Qxb4 Bxb4 0-1

[Event "Sparkassen-Open A"]
[Site "Heusenstamm, Martinsee"]
[Date "2025.11.23"]
[Round "7.81"]
[White "Zargaran, Sepas"]
[Black "Schulze, Manfred"]
[Result "1-0"]
[WhiteElo "1880"]
[BlackElo "1844"]
[PlyCount "61"]
[EventDate "2025.11.20"]
[WhiteTeam "VSG 1880 Offenbach"]
[BlackTeam "SC Steinbach"]

1. e4 e5 2. Nf3 Nf6 3. Nc3 Bb4 4. Bc4 O-O 5. d3 d5 6. exd5 Nxd5 7. Bd2 Nxc3 8. bxc3 Bd6 9. O-O Bg4 10. h3 Bh5 11. Rb1 b6 12. Re1 Re8 13. Qe2 c6 14. g4 Bg6 15. Bg5 Qc7 16. Nh4 Nd7 17. Nxg6 hxg6 18. Qf3 Nf8 19. Kg2 Ne6 20. h4 Kf8 21. Rh1 f6 22. Be3 b5 23. Bb3 Rac8 24. h5 c5 25. Bxe6 Rxe6 26. hxg6 a6 27. a4 Qd7 28. Qd5 e4 29. axb5 axb5 30. Rxb5 exd3 31. Rb7 1-0

[Event "Sparkassen-Open A"]
[Site "Heusenstamm, Martinsee"]
[Date "2025.11.23"]
[Round "7.82"]
[White "Schellen, Sven"]
[Black "Winand, Edgar"]
[Result "0-1"]
[WhiteElo "1822"]
[BlackElo "1876"]
[PlyCount "94"]
[EventDate "2025.11.20"]
[WhiteTeam "SV Frankfurt Nord 1926"]
[BlackTeam "SVKT Bad Camberg 2025"]

1. e4 d6 2. d4 g6 3. Nc3 Bg7 4. Be3 Nc6 5. h3 e5 6. Nf3 Bd7 7. Bc4 a6 8. a4 exd4 9. Nxd4 Nxd4 10. Bxd4 Bxd4 11. Qxd4 Qf6 12. Qe3 Ne7 13. Rd1 Rb8 14. O-O Be6 15. Be2 O-O 16. f4 Qh4 17. f5 gxf5 18. Rf4 Qf6 19. Rdf1 Qe5 20. Rh4 Qc5 21. Qxc5 dxc5 22. Rh5 fxe4 23. Nxe4 f5 24. Ng5 Rf6 25. Rxh7 Nd5 26. Rd1 Nf4 27. Bf1 Rg6 28. Rh4 Nxg2 29. Bxg2 Rxg5 30. Kf2 c6 31. Rd6 Re8 32. Bf1 Kg7 33. Rf4 Kf6 34. h4 Ke5 35. Rf3 Rg4 36. Rd2 Rxh4 37. Re3+ Re4 38. Bg2 Rxe3 39. Kxe3 Bd5 40. Bh3 Rh8 41. Bf1 Rh1 42. Rf2 c4 43. c3 b5 44. a5 Be4 45. Be2 Rh3+ 46. Kd2 f4 47. Bg4 Rd3+ 0-1

[Event "Sparkassen-Open A"]
[Site "Heusenstamm, Martinsee"]
[Date "2025.11.23"]
[Round "7.83"]
[White "Diehl, Stefan"]
[Black "Eitel, Luc"]
[Result "1/2-1/2"]
[WhiteElo "1832"]
[BlackElo "1855"]
[PlyCount "54"]
[EventDate "2025.11.20"]
[WhiteTeam "SC 1910 Höchst"]
[BlackTeam "SAbt SV Werder Bremen"]

1. f4 d5 2. Nf3 c5 3. e3 Nf6 4. b3 e6 5. Bb2 Bd6 6. Bb5+ Bd7 7. Bxd7+ Nbxd7 8. O-O O-O 9. Qe1 Re8 10. Ne5 Bxe5 11. fxe5 Ng4 12. Qg3 Nh6 13. Na3 Nf8 14. Nb5 Nf5 15. Rxf5 exf5 16. Nd6 Re6 17. Nxf5 Rg6 18. Qf3 Ne6 19. Qxd5 Qxd5 20. Ne7+ Kf8 21. Nxd5 Rd8 22. c4 Ng5 23. Rf1 Ra6 24. h4 Ne6 25. a4 Rc6 26. d4 cxd4 27. exd4 Ke8 1/2-1/2

[Event "Sparkassen-Open A"]
[Site "Heusenstamm, Martinsee"]
[Date "2025.11.23"]
[Round "7.84"]
[White "Meyer-Kahlen, Stefan"]
[Black "Ellsiepen, Luca"]
[Result "1/2-1/2"]
[WhiteElo "1975"]
[BlackElo "1866"]
[PlyCount "39"]
[EventDate "2025.11.20"]
[WhiteTeam "SC Erkrath 1973"]
[BlackTeam "SK Marburg 1931/72"]

1. d4 d5 2. Nf3 c5 3. c4 cxd4 4. Qxd4 Nc6 5. Qxd5 Qxd5 6. cxd5 Nb4 7. Na3 Nf6 8. Bd2 Nbxd5 9. e3 e6 10. Bb5+ Bd7 11. Bxd7+ Kxd7 12. Ne5+ Ke8 13. f3 Bxa3 14. bxa3 Nd7 15. Nc4 Nc5 16. Ke2 Ke7 17. e4 Nc7 18. Rab1 b6 19. Bf4 Ne8 20. Rbd1 1/2-1/2

[Event "Sparkassen-Open A"]
[Site "Heusenstamm, Martinsee"]
[Date "2025.11.23"]
[Round "7.85"]
[White "Gundel, Julian"]
[Black "Mehlen, Theodor"]
[Result "1-0"]
[WhiteElo "1894"]
[BlackElo "1807"]
[PlyCount "55"]
[EventDate "2025.11.20"]
[WhiteTeam "SV Königsspringer 1929 Großauhei"]
[BlackTeam "SC Matt im Park Ffm"]

1. Nf3 d5 2. b3 Nf6 3. Bb2 c5 4. e3 Nc6 5. d4 e6 6. a3 Bd6 7. Bd3 O-O 8. O-O b6 9. Ne5 Bb7 10. Nd2 cxd4 11. exd4 Ne7 12. f4 Ne4 13. Qe2 Nxd2 14. Qxd2 Qc8 15. Qe2 Bxe5 16. fxe5 g6 17. Rf3 a5 18. Rh3 f5 19. exf6 Rxf6 20. Re1 Qf8 21. Bc1 Bc8 22. Bh6 Qe8 23. Qe5 Rf7 24. Rf1 Nc6 25. Rxf7 Nxe5 26. Rg7+ Kh8 27. dxe5 Qf8 28. Rxh7+ 1-0